| 000 | 00604nam a2200157 a 4500 | ||
|---|---|---|---|
| 008 | 150331s1997 ||||||||||||||||| || u | ||
| 050 | _aIBRD(06)CS/1997/5 | ||
| 110 | _aWorld Bank | ||
| 245 | 1 | 0 | _aBelarus: Prices, markets, and enterprise reform |
| 260 |
_aWashington, D.C. _bWorld Bank _c1997 |
||
| 300 | _axxi, 226p. | ||
| 490 | _aWorld Bank Country Study | ||
| 650 | _aECONOMIC STABILIZATION--BELARUS | ||
| 650 | _aBELARUS--ECONOMIC CONDITIONS--1991 | ||
| 995 |
_FCBU-MAIN LIBRARY (Kitwe) _M1 _UAVAILABLE _WMar 31, 2015 _ZInternational Publications |
||
| 999 |
_c35724 _d35724 |
||